| 000 | 01184nam a22002417a 4500 | ||
|---|---|---|---|
| 008 | 120916t xxu||||| |||| 00| 0 eng d | ||
| 020 | _a9-7819-0762-4223 | ||
| 082 |
_222 ed. _a346.07 _bEMB |
||
| 100 |
_aEmbley, Judith _96685 |
||
| 245 |
_aCommercial law and practice / _c Judith Embley, Keir Bamford and Matin Smith |
||
| 260 |
_aGuildford : _bCollege o flaw publishing _c2011 |
||
| 300 |
_axxxiii. ; 465 p. : _c30 cm. |
||
| 500 | _aIncludes Index | ||
| 650 |
_a Commercial law -- England -- Periodicals _96686 |
||
| 650 |
_a Commercial law -- Wales -- Periodicals _96687 |
||
| 650 |
_aCommercial law and practice _96688 |
||
| 700 |
_aBamford, Keir _96689 |
||
| 700 |
_a Smith, Matin _96690 |
||
| 942 |
_2ddc _cBK |
||
| 999 |
_c5184 _d5184 |
||